Derecho tributario argentino (Registro nro. 1034)

Detalles MARC
000 -LEADER
fixed length control field 01328 a2200205 4500
001 - CONTROL NUMBER
control field 22566
005 - DATE AND TIME OF LATEST TRANSACTION
control field 20260407155516.0
008 - FIXED-LENGTH DATA ELEMENTS--GENERAL INFORMATION
fixed length control field 260407a1980 arg spa d
003 - CONTROL NUMBER IDENTIFIER
control field AR-UNSa-BCEJYS
040 ## - CATALOGING SOURCE
Original cataloging agency AR-UNSa-BCEJYS
Language of cataloging spa
Transcribing agency AR-UNSa-BCEJYS
080 ## - UNIVERSAL DECIMAL CLASSIFICATION NUMBER
Universal Decimal Classification number 336.2
Common auxiliary subdivision Ingresos públicos (Derecho tributario)
100 1# - MAIN ENTRY--PERSONAL NAME
Personal name Martín, José María
245 10 - TITLE STATEMENT
Title Derecho tributario argentino
264 #1 - PRODUCTION, PUBLICATION, DISTRIBUTION, MANUFACTURE, AND COPYRIGHT NOTICE
Place of production, publication, distribution, manufacture Buenos Aires :
Name of producer, publisher, distributor, manufacturer Liceo Profesional Cima
Date of production, publication, distribution, manufacture, or copyright notice 1980
300 ## - PHYSICAL DESCRIPTION
Extent 451 p.
Dimensions 22 cm.
505 ## - FORMATTED CONTENTS NOTE
Formatted contents note Titulo I: Los recursos tributarios: 1. Importancia y teorías sobre los tributos - 2. Los impuestos - 3. Las tasas - 4. Las contribuciones especiales - Titulo II: Principios generales del derecho tributario: 5. Nociones preliminares sobre el derecho tributario - 6. La interpretación de las normas tributarias - 7. Efectos de las normas tributarias tanto en el tiempo como en el espacio - Titulo III: Las subdivisiones del derecho constitucional : 8. El derecho tributario constitucional - 9. El derecho tributario sustantivo - 10. El derecho tributario administrativo - 11. El derecho tributario procesal - 12. Derecho tributario penal.
590 ## - LOCAL NOTE (RLIN)
Local note niveau_biblio:m niveau_hierar:0
856 41 - ELECTRONIC LOCATION AND ACCESS
Uniform Resource Identifier <a href="https://biblioeco.unsa.edu.ar/pmb/images/libros/Derecho Tributarion Argentino-l39666.jpg">https://biblioeco.unsa.edu.ar/pmb/images/libros/Derecho Tributarion Argentino-l39666.jpg</a>
Link text Imagen de portada
Electronic format type image/jpeg
942 ## - ADDED ENTRY ELEMENTS (KOHA)
Koha item type
Existencias
Withdrawn status Lost status Damaged status Not for loan Home library Current library Shelving location Date acquired Total checkouts Full call number Barcode Date last seen Price effective from Koha item type
        Biblioteca Prof. Eusebio Cleto del Rey Biblioteca Prof. Eusebio Cleto del Rey   07/04/2026   336.2 M378e L39668 07/04/2026 07/04/2026 Libro
        Biblioteca Prof. Eusebio Cleto del Rey Biblioteca Prof. Eusebio Cleto del Rey   07/04/2026   336.2 M378e L39666 07/04/2026 07/04/2026 Libro
        Biblioteca Prof. Eusebio Cleto del Rey Biblioteca Prof. Eusebio Cleto del Rey   07/04/2026   336.2 M378e L39724 07/04/2026 07/04/2026 Libro
        Biblioteca Prof. Eusebio Cleto del Rey Biblioteca Prof. Eusebio Cleto del Rey   07/04/2026   336.2 M378e L39667 07/04/2026 07/04/2026 Libro
        Biblioteca Prof. Eusebio Cleto del Rey Biblioteca Prof. Eusebio Cleto del Rey   07/04/2026   336.2 M378e L33365 07/04/2026 07/04/2026 Libro
        Biblioteca Prof. Eusebio Cleto del Rey Biblioteca Prof. Eusebio Cleto del Rey   07/04/2026   336.2 M378e L39665 07/04/2026 07/04/2026 Libro